| 000 | 01211 a2200193 4500 | ||
|---|---|---|---|
| 003 | Nust | ||
| 005 | 20170207153406.0 | ||
| 010 | _a59002741 | ||
| 040 | _cNust | ||
| 082 | _a355.02 | ||
| 100 | _aCrisp, Robert. | ||
| 245 |
_aBrazen chariots; _ban account of tank warfare in the Western Desert, November-December, 1941 _cRobert Crisp, _hForeword by Lord Harding |
||
| 260 |
_aMuller _bLondon, _c1959 |
||
| 300 |
_a223 p _b21 cm |
||
| 505 | _aForeword (Page-9) The Days Before (APge-11) First Day (page-29) Second Day (Page-33) Third Day (Page-41) Fourth Day (Page-46) Fifth Day (apge-49) Sixth Day (Page-67) Seventh Day (page-91) Eighth Day (page-104) Ninth Day (page-112) Tenth Day (page-118) Eleventh Day (page-134) Twelfth and Thirteenth Day(Page-142) Fourteenth Day (page-148) Fifteenth and Sixteenth Days (page-156) Seventeenth Day (page-163) Eighteenth to Twentieth Day (Page-168) Twenty – First and Twenty – Second Day (page-178) Twenty – Third to Twenty – Eighth Day (page-185) The Last Day (page-203) The Days After (Page-215) | ||
| 538 | _aAlmirah No.52, Shelf No.5 | ||
| 600 | _aCrisp, Robert. | ||
| 650 | _aBrazen chariots; an account of tank warfare in the Western Desert, November-December, 1941 | ||
| 942 |
_2ddc _cBK |
||
| 999 |
_c185157 _d185157 |
||